000 00541nam a22001937a 4500
999 _c172416
_d172416
005 20200205110148.0
010 _aA-640120
020 _c25.00
035 _aA-640120
037 _bBPPD/Pub.
082 _a841
100 _aدرشن سنگھ
245 _aتلاش نور /
_cدرشن سنگھ
246 _aTalaash-E-Noor (Urdu) /
_bDarshan Singh
260 _aDelhi
_bSawan Karpal Ruhani Mission
_c1980 ء
270 _aVijay Nagar
_bDelhi
_e110009
300 _a152p.
_c25cm(Hb)
942 _2ddc
_cUR
_h841
_mد ر ش